000 00980nam a2200301Ia 4500
003 OSt
005 20221007125344.0
006 a|||||r|||| 00| 0
007 ta
008 221006b |||||||| |||| 00| 0 eng d
020 _a0582382106 (pbk)
_c
_ 73.99
024 _a9293
037 _bEducational,
_cTextual
040 _aCDL
_cCDL
_beng
041 _2eng
_aeng
082 _aE:218:(9S), P1
100 _aLeach Andrew R
245 0 _aMolecular modelling: principles and applications by Andrew R Leach
250 _aEd 2
260 _aHarlow,England
_bPearson Education Limited
_c2001
300 _axxiii, 744p
_ccm.
500 _aIncludes bibliographical references; Index 727-744p; ^n23/CSL/CARC/2001-02/690^d2002-01-23^mPurchase
650 _a Computer simulation
_9713688
650 _a Molecular structure
_9713791
650 _aChemistry
942 _hE:218:(9S), P1
_cTEXL
_2CC
999 _c1215138
_d1215138